<?xml version="1.0" encoding="UTF-8"?>
<marc:record xmlns:marc="http://www.loc.gov/MARC21/slim">
   <marc:leader>00000nam a2200000 a 4500</marc:leader>
   <marc:datafield ind1="1" ind2=" " tag="100">
      <marc:subfield code="a">Brezina, Thomas</marc:subfield>
      <marc:subfield code="4">aut</marc:subfield>
      <marc:subfield code="e">Verfasser/-in</marc:subfield>
   </marc:datafield>
   <marc:datafield ind1="0" ind2="0" tag="245">
      <marc:subfield code="a">Tom Turbo6. Ein Vampir im Küchenschrank</marc:subfield>
   </marc:datafield>
   <marc:datafield ind1=" " ind2="1" tag="264">
      <marc:subfield code="b">G &amp; G</marc:subfield>
   </marc:datafield>
   <marc:datafield ind1="1" ind2=" " tag="490">
      <marc:subfield code="a">Tom Turbo</marc:subfield>
   </marc:datafield>
   <marc:datafield ind1="1" ind2=" " tag="520">
      <marc:subfield code="a">Karo und Klaro sollen für die Schule einen Bericht über einen Holzschnitzer schreiben. Er wohnt in einem Haus, das an einen Kobold erinnert. Aus einem Küchenschrank flattert Karo, Klaro und Tom Turbo sogar eine riesige Fledermaus entgegen. Plötzlich sind Karo und Klaro wie vom Erdboden verschluckt. Das Wunderfahrrad macht sich auf die Suche und stößt im Keller auf das Geheimnis des Holzschnitzers  (Verlagstext)</marc:subfield>
   </marc:datafield>
   <marc:datafield ind1=" " ind2=" " tag="020">
      <marc:subfield code="a">9783707416466</marc:subfield>
      <marc:subfield code="9">9783707416466</marc:subfield>
   </marc:datafield>
</marc:record>
